Animales con la mordedura mas fuerte - Estadísticas

Estadísticas generales
  • Esta prueba ha sido intentada 214 veces
  • La puntuación promedio es 6 de 10
Estadísticas de respuestas
Espécie Fuerza de la mordedura Animal % Correcto
Mamífero Felino 1050 Tigre de Bengala
98%
Reptil 7700 Cocodrilo de agua salada
94%
Reptil 5000 Cocodrilo del Nilo
94%
Pez Cartilaginoso 1250 Tiburón Toro
90%
Mamífero 1821 Hipopótamo
72%
Mamífero Felino 1100 Hiena
51%
Mamífero 1235 Oso Polar
40%
Mamífero 1300 Gorila
34%
Mamífero 1250 Oso Grizzly
22%
Reptil 2125 Alligator
19%
No se encontraron pruebas coincidentes
Distribución de puntuación
Porcentaje de gente con cada puntuación
Porcentaje por número respondido
Historial de tus puntuaciones
No has intentado esta prueba.